00751nam a2200241Ia 450000500170000000800410001702000180005804000180007604100080009408200220010210000220012424500670014625000120021326000570022530000280028265000340031065000320034465000310037665000440040770000210045170000220047270000150049420230712155251.0210716s2011 xx 000 0 und d a9788131501870 cAIMIT LIBRARY aeng a004.694 22bNAPH aNapier, H Albert. aCreating a winning e-business /cBy H Albert Napier...[et.al]. a2nd ed. aNew Delhi :bCengage Learning India Pvt Ltd ,c2011. axix,444p. ;bPBc24 cm. 2Defining your e-business idea 2Creating an e-business plan 2Operating your e-business  2Taking advantage of affiliate marketing aRivers, Ollie N. aWagner, Stuart W. aNapier, JB